[Event "1st Cappelle Online Blitz"]
[Site "Europe-Echecs INT"]
[Date "2021.01.10"]
[Round "8"]
[White "Roebers, Eline"]
[Black "David, Se"]
[Result "1-0"]
[WhiteElo "2066"]
[BlackElo "1883"]
[PlyCount "95"]
[EventDate "2021.01.10"]
[EventType "blitz"]
[SourceTitle "The Week in Chess 1366"]
[Source "Mark Crowther"]
[SourceDate "2021.01.11"]
[SourceVersion "2"]
[SourceVersionDate "2021.01.12"]
[SourceQuality "2"]

1. e4 e5 2. Nf3 Nf6 3. Nxe5 d6 4. Nxf7 Kxf7 5. Bc4+ d5 6. exd5 Bd6 7. O-O Rf8
8. Bb3 Kg8 9. h3 Na6 10. d4 Qe8 11. c4 Bxh3 12. Qd3 Bxg2 13. Kxg2 Ne4 14. f4
Qg6+ 15. Kh2 Rxf4 16. Bxf4 Bxf4+ 17. Rxf4 Qh6+ 18. Kg2 Qxf4 19. Qf3 Qxf3+ 20.
Kxf3 Nd6 21. c5 Rf8+ 22. Kg2 Ne4 23. Nc3 Nxc3 24. bxc3 h6 25. d6+ Kh8 26. dxc7
Nxc7 27. Re1 Nb5 28. Re7 Nxc3 29. Rxb7 Ne2 30. d5 Nf4+ 31. Kh2 g5 32. d6 g4 33.
c6 Ne2 34. c7 g3+ 35. Kh3 g2 36. Kxg2 Nf4+ 37. Kh2 Nd3 38. Rb8 Nc5 39. Rxf8+
Kg7 40. Rg8+ Kf6 41. c8=Q Ne4 42. Qf8+ Ke5 43. Qe7+ Kd4 44. Rg4 Kc5 45. Qxe4 h5
46. Qd5+ Kb6 47. Rb4+ Ka6 48. Qb5# 1-0

[Event "Rated Blitz game"]
[Site "?"]
[Date "2021.01.10"]
[Round "?"]
[White "berval"]
[Black "africanmorphy"]
[Result "1-0"]
[WhiteElo "2463"]
[BlackElo "2413"]
[PlyCount "97"]
[EventDate "2021.??.??"]
[EventType "blitz"]
[TimeControl "180"]

1. e4 e5 2. Nf3 Nf6 3. Nxe5 d6 4. Nxf7 Kxf7 5. d4 c6 6. Nc3 Be7 7. f4 Rf8 8. e5
dxe5 9. fxe5 Nd5 10. Bc4 Kg8 11. Qh5 b5 12. Bd3 h6 13. Qg6 Nxc3 14. bxc3 Bg5
15. Qh7+ Kf7 16. Bg6+ Ke6 17. Qxg7 Qe7 18. Qxe7+ Bxe7 19. Bxh6 Rg8 20. Be4 Bg5
21. Bxg5 Rxg5 22. h4 Rg4 23. Bf3 Rg8 24. h5 Nd7 25. a4 Ba6 26. Bxc6 Rac8 27.
axb5 Bxb5 28. Bxb5 Rxc3 29. Bxd7+ Kxd7 30. Rxa7+ Ke6 31. Ra6+ Kd5 32. Rd6+ Ke4
33. Rh4+ Ke3 34. Rh3+ Ke4 35. Rxc3 Rxg2 36. h6 Rh2 37. Rd3 Rh1+ 38. Kd2 Rh2+
39. Kc3 Rh4 40. e6 Rh5 41. d5 Rxh6 42. Rd8 Rh7 43. d6 Ra7 44. e7 Ra3+ 45. Kd2
Rc3 46. Rxc3 Kd5 47. e8=Q Kd4 48. Qe3+ Kd5 49. Rc5# {Normal} 1-0

[Event "Rated Blitz game"]
[Site "?"]
[Date "2021.01.10"]
[Round "?"]
[White "BombaLeila"]
[Black "LoneCypress"]
[Result "0-1"]
[WhiteElo "2243"]
[BlackElo "2421"]
[PlyCount "90"]
[EventDate "2021.??.??"]
[EventType "blitz"]
[TimeControl "180"]

1. e4 e5 2. Nf3 Nf6 3. Nxe5 d6 4. Nxf7 Kxf7 5. Nc3 Qe8 6. f3 c5 7. Bc4+ Be6 8.
Bb5 Nc6 9. g4 Be7 10. g5 Nh5 11. h4 Rf8 12. d3 Kg8 13. Be3 Qf7 14. Rf1 Nf4 15.
Qd2 Ne5 16. O-O-O a6 17. Ba4 Kh8 18. Kb1 b5 19. Bb3 c4 20. dxc4 bxc4 21. Ba4
Rab8 22. Nd5 Nxd5 23. exd5 Bf5 24. Ka1 c3 25. Qxc3 Rfc8 26. Bc6 Bd7 27. f4 Nxc6
28. dxc6 Rxc6 29. Qd2 Bf5 30. c3 Rb5 31. Bd4 Ra5 32. a3 Qb3 33. Bxg7+ Kxg7 34.
Qd4+ Kg8 35. Qb4 Qxb4 36. cxb4 Rb5 37. h5 d5 38. Rde1 Be4 39. f5 Bxg5 40. f6
Kf7 41. Rg1 h6 42. Ka2 Rxf6 43. Rc1 Rb7 44. Rc5 Rf2 45. Rd1 Bf6 {Normal} 0-1

[Event "Rated Blitz game"]
[Site "?"]
[Date "2021.01.09"]
[Round "?"]
[White "filmer75"]
[Black "camilomunoz0107"]
[Result "1/2-1/2"]
[WhiteElo "2559"]
[BlackElo "2427"]
[PlyCount "86"]
[EventDate "2021.??.??"]
[EventType "blitz"]
[TimeControl "180"]

1. e4 e5 2. Nf3 Nf6 3. Nxe5 d6 4. Nxf7 Kxf7 5. d4 Bg4 6. f3 Bh5 7. Bc4+ d5 8.
Bb3 Nxe4 9. O-O Nf6 10. c4 c6 11. Nc3 Bb4 12. cxd5 cxd5 13. Bg5 Bxc3 14. bxc3
Nc6 15. g4 Bg6 16. f4 Be4 17. Qe2 Re8 18. Rae1 Kg8 19. Qf2 Nxg4 20. Qh4 Nf6 21.
f5 Qd6 22. Re3 h6 23. Bxf6 Qxf6 24. Rxe4 Qxh4 25. Bxd5+ Kh7 26. Rxh4 Re3 27. f6
gxf6 28. Rxf6 Ne7 29. Rfxh6+ Kg7 30. Rh7+ Kf6 31. Rf7+ Kg5 32. Rhh7 Nf5 33. Kf2
Rxc3 34. Be6 Nxd4 35. Rhg7+ Kh6 36. Rh7+ Kg5 37. Rhg7+ Kh6 38. Bd5 Re8 39. Rh7+
Kg6 40. Rhg7+ Kh6 41. Rh7+ Kg6 42. Rfg7+ Kf6 43. Rf7+ Kg6 {Normal} 1/2-1/2

[Event "Rated Blitz tournament yEqcEXHu"]
[Site "?"]
[Date "2021.01.08"]
[Round "?"]
[White "BorobudurBKD"]
[Black "PejuangBKD"]
[Result "1-0"]
[WhiteElo "2540"]
[BlackElo "2279"]
[PlyCount "45"]
[EventDate "2021.??.??"]
[EventType "blitz"]
[TimeControl "180"]

1. e4 e5 2. Nf3 Nf6 3. Nxe5 d6 4. Nxf7 Kxf7 5. d4 c6 6. Nc3 Be7 7. f4 Re8 8. e5
dxe5 9. fxe5 Nd5 10. Bd3 Kg8 11. Qh5 h6 12. Qg6 Rf8 13. Qh7+ Kf7 14. Rf1+ Ke6
15. Bf5+ Kf7 16. Bd7+ Bf6 17. Nxd5 Nxd7 18. Nxf6 Nxe5 19. dxe5 Qa5+ 20. Bd2
Qxe5+ 21. Ne4+ Ke8 22. Rxf8+ Kxf8 23. O-O-O {Normal} 1-0

[Event "Rated Blitz game"]
[Site "?"]
[Date "2021.01.08"]
[Round "?"]
[White "xuanet"]
[Black "LoneCypress"]
[Result "0-1"]
[WhiteElo "2306"]
[BlackElo "2405"]
[PlyCount "56"]
[EventDate "2021.??.??"]
[EventType "blitz"]
[TimeControl "180"]

1. e4 e5 2. Nf3 Nf6 3. Nxe5 d6 4. Nxf7 Kxf7 5. Nc3 Qe8 6. Bc4+ Be6 7. Bxe6+
Qxe6 8. O-O Be7 9. d4 Nxe4 10. Nxe4 Qxe4 11. Re1 Qf5 12. Qe2 Re8 13. Qc4+ d5
14. Qxc7 Qd7 15. Qg3 Kg8 16. Bg5 Bxg5 17. Qxg5 Nc6 18. c3 Re6 19. h4 Rae8 20.
Rxe6 Rxe6 21. h5 h6 22. Qg3 Qf7 23. Qh3 Re4 24. f3 Re2 25. Kf1 Qe6 26. Qg3 Ne7
27. Qb8+ Kh7 28. Qxb7 Qe3 {Time forfeit} 0-1

[Event "Rated Blitz game"]
[Site "?"]
[Date "2021.01.07"]
[Round "?"]
[White "littleczechfish"]
[Black "Prayer791"]
[Result "0-1"]
[WhiteElo "2480"]
[BlackElo "2515"]
[PlyCount "110"]
[EventDate "2021.??.??"]
[EventType "blitz"]
[TimeControl "180"]

1. e4 e5 2. Nf3 Nf6 3. Nxe5 d6 4. Nxf7 Kxf7 5. Nc3 Be6 6. d4 g6 7. d5 Bc8 8. f4
Bg7 9. e5 dxe5 10. fxe5 Re8 11. e6+ Bxe6 12. dxe6+ Rxe6+ 13. Be2 Qxd1+ 14. Kxd1
Rd6+ 15. Bd3 Nc6 16. Bf4 Rd7 17. Rf1 Nb4 18. Rf3 Rad8 19. Ke2 Nxd3 20. cxd3
Re8+ 21. Kd2 Kg8 22. Raf1 c6 23. Kc2 Nd5 24. Nxd5 Rxd5 25. Be3 Rde5 26. Kd2
Rxe3 27. Rxe3 Bh6 28. Rff3 Kg7 29. Ke2 Bxe3 30. Rxe3 Rxe3+ 31. Kxe3 Kf6 32. Kf4
c5 33. b3 g5+ 34. Kg4 Kg6 35. h4 h5+ 36. Kg3 b5 37. a4 a6 38. a5 Kf5 39. hxg5
Kxg5 40. Kf3 Kf5 41. Kg3 Ke5 42. Kh4 Kd4 43. Kxh5 Kxd3 44. g4 c4 45. bxc4 bxc4
46. g5 c3 47. g6 c2 48. g7 c1=Q 49. g8=Q Qh1+ 50. Kg6 Qg1+ 51. Kf7 Qxg8+ 52.
Kxg8 Kc4 53. Kf7 Kb5 54. Ke6 Kxa5 55. Kd5 Kb4 {Normal} 0-1

[Event "Rated Blitz game"]
[Site "?"]
[Date "2021.01.07"]
[Round "?"]
[White "Fleetwood_Mac"]
[Black "blazesboylan"]
[Result "1-0"]
[WhiteElo "2442"]
[BlackElo "2406"]
[PlyCount "39"]
[EventDate "2021.??.??"]
[EventType "blitz"]
[TimeControl "180"]

1. e4 e5 2. Nf3 Nf6 3. Nxe5 d6 4. Nxf7 Kxf7 5. Nc3 Nc6 6. Bc4+ Be6 7. Bxe6+
Kxe6 8. d4 d5 9. exd5+ Nxd5 10. Qg4+ Ke7 11. O-O Nxc3 12. Bg5+ Kf7 13. Bxd8
Rxd8 14. bxc3 Bd6 15. Rab1 Rhe8 16. Rxb7 Ne7 17. c4 Ng6 18. c5 Bf4 19. g3 h5
20. Qf5+ {Normal} 1-0

[Event "Rated Blitz game"]
[Site "?"]
[Date "2021.01.07"]
[Round "?"]
[White "mared2"]
[Black "adnansendur"]
[Result "0-1"]
[WhiteElo "2332"]
[BlackElo "2422"]
[PlyCount "86"]
[EventDate "2021.??.??"]
[EventType "blitz"]
[TimeControl "180"]

1. e4 e5 2. Nf3 Nf6 3. Nxe5 d6 4. Nxf7 Kxf7 5. d4 Qe8 6. f3 c5 7. dxc5 dxc5 8.
Nc3 Nc6 9. Bc4+ Be6 10. Qe2 Nd4 11. Bxe6+ Qxe6 12. Qf2 Be7 13. Be3 Rhd8 14.
O-O-O b6 15. g4 Kg8 16. h4 Rf8 17. Bxd4 Nxg4 18. Qg3 cxd4 19. Nd5 Ne3 20. Rxd4
Bc5 21. Rd3 Nxd5 22. Rxd5 Rf7 23. Kb1 Raf8 24. Rd3 h6 25. a3 a5 26. Rhd1 Kh7
27. h5 Qf6 28. R1d2 Qg5 29. Qxg5 hxg5 30. Rg2 Rxf3 31. Rxf3 Rxf3 32. Rxg5 Re3
33. Re5 Kh6 34. Ka2 a4 35. c3 Re2 36. Kb1 Rh2 37. Kc1 Rxh5 38. Re6+ g6 39. e5
Rh2 40. Re8 Kg5 41. Kd1 Kf5 42. b4 axb3 43. c4 b2 {Normal} 0-1

[Event "Rated Blitz game"]
[Site "?"]
[Date "2021.01.06"]
[Round "?"]
[White "yuri5288"]
[Black "misha81"]
[Result "0-1"]
[WhiteElo "2396"]
[BlackElo "2415"]
[PlyCount "90"]
[EventDate "2021.??.??"]
[EventType "blitz"]
[TimeControl "180+2"]

1. e4 e5 2. Nf3 Nf6 3. Nxe5 d6 4. Nxf7 Kxf7 5. d4 c5 6. Bc4+ d5 7. exd5 Bd6 8.
O-O Re8 9. dxc5 Bxc5 10. d6+ Be6 11. Qd3 Qxd6 12. Qb3 Qb6 13. Bxe6+ Rxe6 14.
Nc3 Qxb3 15. axb3 Nc6 16. Bg5 a6 17. g3 h6 18. Bf4 g5 19. Be3 Bxe3 20. fxe3 Kg6
21. e4 Nxe4 22. Rae1 Rae8 23. Nd5 Nd2 24. Rf6+ Rxf6 25. Rxe8 Rd6 26. Ne3 Nd4
27. Kg2 Re6 28. Rxe6+ Nxe6 29. Nd5 Nd4 30. Ne3 Ne4 31. Kf1 h5 32. b4 g4 33. c3
Nf3 34. Kg2 Kg5 35. h3 Ne1+ 36. Kh2 Nd3 37. h4+ Kg6 38. Nc4 b5 39. Na5 Nxb2 40.
Nc6 Nxc3 41. Nb8 Nd3 42. Nxa6 Kf5 43. Kg2 Ke4 44. Kf1 Kf3 45. Nc7 Nxb4 {Normal}
0-1

[Event "Rated Blitz game"]
[Site "?"]
[Date "2021.01.06"]
[Round "?"]
[White "piscatorox"]
[Black "monty82"]
[Result "1-0"]
[WhiteElo "2411"]
[BlackElo "2374"]
[PlyCount "45"]
[EventDate "2021.??.??"]
[EventType "blitz"]
[TimeControl "180+2"]

1. e4 e5 2. Nf3 Nf6 3. Nxe5 d6 4. Nxf7 Kxf7 5. Nc3 c5 6. Bc4+ Be6 7. Bxe6+ Kxe6
8. d4 cxd4 9. Qxd4 Nc6 10. Qc4+ Kd7 11. Bf4 Qb6 12. O-O-O Re8 13. Qf7+ Kc8 14.
Bxd6 Bxd6 15. Rxd6 Qxf2 16. Nd5 Kb8 17. Rd7 Na5 18. Rd1 Nxe4 19. Qxg7 Rc8 20.
Qe5+ Ka8 21. Nc7+ Kb8 22. Na6+ Ka8 23. Qb8+ {Normal} 1-0

[Event "Rated Blitz game"]
[Site "?"]
[Date "2021.01.05"]
[Round "?"]
[White "StoreySniper"]
[Black "Bee_sting7"]
[Result "1/2-1/2"]
[WhiteElo "2418"]
[BlackElo "2349"]
[PlyCount "124"]
[EventDate "2021.??.??"]
[EventType "blitz"]
[TimeControl "180"]

1. e4 e5 2. Nf3 Nf6 3. Nxe5 d6 4. Nxf7 Kxf7 5. d4 c5 6. c3 cxd4 7. cxd4 Be7 8.
Nc3 Nc6 9. Bc4+ Kf8 10. O-O Bg4 11. f3 Bh5 12. Be3 Bf7 13. Bxf7 Kxf7 14. d5 Ne5
15. Bd4 Rf8 16. Qb3 Qd7 17. Bxe5 dxe5 18. d6+ Qe6 19. Qxe6+ Kxe6 20. dxe7 Kxe7
21. Rfd1 Rfd8 22. Rxd8 Rxd8 23. Rd1 Rc8 24. Kf2 Ke6 25. Ke3 Rc6 26. g3 h5 27.
h3 Rb6 28. b3 Rc6 29. Ne2 Rc2 30. Rd2 Rc5 31. f4 exf4+ 32. gxf4 g5 33. Nd4+ Kf7
34. Nf5 gxf4+ 35. Kxf4 Ke6 36. Rd6+ Kf7 37. Rd4 Ke6 38. Rc4 Ra5 39. a4 b5 40.
Nd4+ Ke7 41. Nxb5 a6 42. Nc3 h4 43. Rc6 Nd7 44. Nd5+ Kf7 45. Rh6 Ne5 46. Rh7+
Kg8 47. Kxe5 Kxh7 48. Kd6 Kg6 49. e5 Kf5 50. e6 Ke4 51. e7 Rxd5+ 52. Ke6 Re5+
53. Kd7 Rd5+ 54. Kc6 Re5 55. Kd7 Rd5+ 56. Ke6 Re5+ 57. Kf7 Rf5+ 58. Kg7 Re5 59.
Kf8 Rf5+ 60. Kg7 Re5 61. Kf6 Rf5+ 62. Ke6 Re5+ {Normal} 1/2-1/2

[Event "Rated Blitz game"]
[Site "?"]
[Date "2021.01.05"]
[Round "?"]
[White "CheKarloz"]
[Black "Realblindmuddy"]
[Result "1-0"]
[WhiteElo "2399"]
[BlackElo "2401"]
[PlyCount "33"]
[EventDate "2021.??.??"]
[EventType "blitz"]
[TimeControl "180"]

1. e4 e5 2. Nf3 Nf6 3. Nxe5 d6 4. Nxf7 Kxf7 5. d4 g6 6. Nc3 Bg7 7. Bc4+ d5 8.
Nxd5 Be6 9. O-O Re8 10. Bg5 h6 11. Bxf6 Bxf6 12. Nxf6 Qxf6 13. e5 Qf5 14. d5
Bc8 15. Qd2 Kg7 16. Bd3 Qxe5 17. Rae1 {Normal} 1-0

[Event "Rated Blitz game"]
[Site "?"]
[Date "2021.01.05"]
[Round "?"]
[White "Darth__Nihilus"]
[Black "artiom1401"]
[Result "0-1"]
[WhiteElo "2412"]
[BlackElo "2373"]
[PlyCount "54"]
[EventDate "2021.??.??"]
[EventType "blitz"]
[TimeControl "180"]

1. e4 e5 2. Nf3 Nf6 3. Nxe5 d6 4. Nxf7 Kxf7 5. d4 g6 6. Nc3 Kg7 7. Bd3 Nc6 8.
Ne2 Be7 9. c3 Re8 10. O-O Bf8 11. Ng3 h5 12. Re1 h4 13. Nf1 Bg4 14. f3 Bh5 15.
Bg5 Be7 16. Bxh4 Nh7 17. Bxe7 Qxe7 18. g4 Qg5 19. Ng3 Bxg4 20. fxg4 Nf6 21. h3
Qh4 22. Kg2 Rh8 23. Rh1 Raf8 24. Qd2 Nh7 25. Raf1 Ng5 26. Rxf8 Rxf8 27. Be2
Qxg3+ {Normal} 0-1

[Event "Rated Blitz tournament V45EM8Yf"]
[Site "?"]
[Date "2021.01.05"]
[Round "?"]
[White "fireanigirl"]
[Black "espianal"]
[Result "0-1"]
[WhiteElo "2558"]
[BlackElo "2607"]
[PlyCount "100"]
[EventDate "2021.??.??"]
[EventType "blitz"]
[TimeControl "180+2"]

1. e4 e5 2. Nf3 Nf6 3. Nxe5 d6 4. Nxf7 Kxf7 5. d4 Be7 6. Nc3 c6 7. f4 Rf8 8.
Bd3 Kg8 9. O-O Bg4 10. Qe1 Qb6 11. Be3 Bh5 12. h3 Nbd7 13. Kh1 Kh8 14. e5 Nd5
15. Nxd5 cxd5 16. e6 Nf6 17. g4 Be8 18. b3 Ne4 19. f5 Bf6 20. Bxe4 dxe4 21. d5
Qc7 22. c4 b5 23. Rc1 bxc4 24. bxc4 Rc8 25. g5 Be5 26. f6 gxf6 27. gxf6 Rxf6
28. Qh4 Qg7 29. Bg5 Rf3 30. Rxf3 exf3 31. Rf1 Bg6 32. Rxf3 h5 33. Bf6 Bxf6 34.
Rxf6 Be4+ 35. Qxe4 Qxf6 36. Qe2 Qg6 37. Qb2+ Kh7 38. Qf2 Rg8 39. Kh2 Rg7 40.
Qf3 h4 41. Qf2 Qg3+ 42. Qxg3 hxg3+ 43. Kg2 Kg8 44. Kf3 Kf8 45. Kg2 Ke7 46. h4
a5 47. h5 a4 48. h6 Rh7 49. Kxg3 Rxh6 50. Kg4 Rh2 {Normal} 0-1

[Event "Rated Blitz game"]
[Site "?"]
[Date "2021.01.05"]
[Round "?"]
[White "abo-kador125"]
[Black "Srbislav"]
[Result "1-0"]
[WhiteElo "2415"]
[BlackElo "2317"]
[PlyCount "45"]
[EventDate "2021.??.??"]
[EventType "blitz"]
[TimeControl "180+2"]

1. e4 e5 2. Nf3 Nf6 3. Nxe5 d6 4. Nxf7 Kxf7 5. d4 Qe8 6. Bc4+ Be6 7. d5 Bd7 8.
Nc3 Nxe4 9. O-O Nf6 10. Re1 Be7 11. h3 Rf8 12. Qe2 Na6 13. Bg5 Qd8 14. Bd3 Re8
15. Bxf6 Bxf6 16. Qh5+ Kf8 17. Qxh7 Re5 18. f4 Rxe1+ 19. Rxe1 Bd4+ 20. Kh1 Qf6
21. Qh8+ Kf7 22. Qxa8 Nc5 23. Bh7 {Time forfeit} 1-0

[Event "Rated Blitz game"]
[Site "?"]
[Date "2021.01.05"]
[Round "?"]
[White "abo-kador125"]
[Black "Srbislav"]
[Result "0-1"]
[WhiteElo "2429"]
[BlackElo "2290"]
[PlyCount "48"]
[EventDate "2021.??.??"]
[EventType "blitz"]
[TimeControl "180+2"]

1. e4 e5 2. Nf3 Nf6 3. Nxe5 d6 4. Nxf7 Kxf7 5. d4 Qe8 6. Nc3 c5 7. Bc4+ Be6 8.
d5 Bd7 9. Qe2 Na6 10. a4 Nb4 11. O-O g6 12. Bf4 Nh5 13. Be3 Bg7 14. f4 Rf8 15.
e5 Kg8 16. e6 Bc8 17. f5 Rxf5 18. Rxf5 gxf5 19. Rf1 Qg6 20. Nb5 a6 21. Nxd6 b5
22. Nxf5 Bf6 23. Nh6+ Kg7 24. Rxf6 Nxf6 {Time forfeit} 0-1

[Event "Rated Blitz game"]
[Site "?"]
[Date "2021.01.04"]
[Round "?"]
[White "abo-kador125"]
[Black "Nebonik"]
[Result "0-1"]
[WhiteElo "2470"]
[BlackElo "2536"]
[PlyCount "50"]
[EventDate "2021.??.??"]
[EventType "blitz"]
[TimeControl "180+2"]

1. e4 e5 2. Nf3 Nf6 3. Nxe5 d6 4. Nxf7 Kxf7 5. d4 Qe8 6. Bd3 c5 7. O-O cxd4 8.
Bc4+ Be6 9. Qxd4 Nc6 10. Bxe6+ Qxe6 11. Qc3 Nxe4 12. Qf3+ Nf6 13. Nc3 d5 14.
Bg5 Rd8 15. Rfe1 Nd4 16. Qd1 Qf5 17. Qxd4 Qxg5 18. Qxa7 Rd7 19. Qd4 Bd6 20. Nb5
Bb8 21. Qb6 Qf5 22. Nd4 Qh5 23. h3 Rhd8 24. Qe6+ Kg6 25. Re3 h6 {Time forfeit}
0-1

[Event "Rated Blitz tournament V43Gv1Py"]
[Site "?"]
[Date "2021.01.04"]
[Round "?"]
[White "fireanigirl"]
[Black "charcodelao"]
[Result "0-1"]
[WhiteElo "2616"]
[BlackElo "2560"]
[PlyCount "98"]
[EventDate "2021.??.??"]
[EventType "blitz"]
[TimeControl "180"]

1. e4 e5 2. Nf3 Nf6 3. Nxe5 d6 4. Nxf7 Kxf7 5. d4 c6 6. Nc3 Bg4 7. f3 Bh5 8.
Bd3 Be7 9. O-O Rf8 10. g4 Bg6 11. f4 Kg8 12. f5 Be8 13. g5 Nh5 14. Qg4 g6 15.
f6 Bd7 16. fxe7 Rxf1+ 17. Kxf1 Qxe7 18. Qe2 Na6 19. Be3 Rf8+ 20. Kg1 Nf4 21.
Bxf4 Rxf4 22. Rf1 Qxg5+ 23. Kh1 Bh3 24. Rxf4 Qxf4 25. Nd1 Bg4 26. Qf2 Qf3+ 27.
Qxf3 Bxf3+ 28. Kg1 Bxd1 29. c3 Bg4 30. Kf2 Nc7 31. Kg3 Bd7 32. Kf4 d5 33. Ke5
dxe4 34. Bxe4 Ne8 35. b4 Kf7 36. d5 Ke7 37. c4 Nd6 38. Bd3 Nf7+ 39. Kd4 b6 40.
dxc6 Bxc6 41. c5 b5 42. Be4 Nd8 43. Bd5 a6 44. Ke5 Bxd5 45. Kxd5 Kd7 46. a3 Nc6
47. h4 h6 48. Ke4 Ke6 49. Kf3 Kf5 {Normal} 0-1

[Event "Rated Blitz game"]
[Site "?"]
[Date "2021.01.04"]
[Round "?"]
[White "Blowf1sh"]
[Black "AzimovChessOne1"]
[Result "1-0"]
[WhiteElo "2417"]
[BlackElo "2425"]
[PlyCount "67"]
[EventDate "2021.??.??"]
[EventType "blitz"]
[TimeControl "180"]

1. e4 e5 2. Nf3 Nf6 3. Nxe5 d6 4. Nxf7 Kxf7 5. d4 Be6 6. Nc3 Be7 7. f4 g6 8.
Qf3 Kg7 9. f5 gxf5 10. exf5 Bf7 11. Qg3+ Kf8 12. Bh6+ Ke8 13. O-O-O Rg8 14. Qf3
Nc6 15. Re1 Nxd4 16. Qxb7 Rb8 17. Qxa7 Nxf5 18. Bf4 Kf8 19. Bd3 Ng7 20. Rhf1 c5
21. Rxe7 Qxe7 22. Qxb8+ Nfe8 23. Bxd6 Qxd6 24. Bc4 Ne6 25. Qxd6+ Nxd6 26. Bxe6
Rxg2 27. h3 Ke7 28. Bxf7 Nxf7 29. Ne4 c4 30. a4 Ne5 31. a5 Nc6 32. a6 Re2 33.
Nc3 Na7 34. Nxe2 {Normal} 1-0

[Event "Rated Blitz game"]
[Site "?"]
[Date "2021.01.04"]
[Round "?"]
[White "abo-kador125"]
[Black "KellyBundy"]
[Result "0-1"]
[WhiteElo "2521"]
[BlackElo "2419"]
[PlyCount "116"]
[EventDate "2021.??.??"]
[EventType "blitz"]
[TimeControl "180+2"]

1. e4 e5 2. Nf3 Nf6 3. Nxe5 d6 4. Nxf7 Kxf7 5. d4 c5 6. Nc3 Nc6 7. d5 Nd4 8.
Bd3 Bg4 9. f3 Bh5 10. O-O Be7 11. Nb1 Qb6 12. c3 c4 13. Bxc4 Nc2+ 14. Kh1 Nxa1
15. e5 Nd7 16. e6+ Kg8 17. exd7 Qc7 18. Nd2 Bg6 19. Qe2 Qxd7 20. Ne4 h6 21. Bd3
Kh7 22. Be3 Rhe8 23. Rxa1 Kh8 24. Bb5 Qf5 25. Bxe8 Rxe8 26. Qb5 b6 27. Bd4 Bf8
28. Re1 Bf7 29. c4 Qf4 30. Qa4 Rc8 31. Bf2 Bg6 32. Bg3 Qf5 33. Bxd6 Re8 34. Bg3
Bc5 35. d6 Bxd6 36. Bxd6 Qe6 37. Bg3 Rd8 38. Qc2 Qc6 39. b3 a5 40. Qf2 a4 41.
Nc3 axb3 42. axb3 Qf6 43. Nd5 Qf5 44. Ne7 Qd3 45. Nxg6+ Qxg6 46. Qe3 Qc2 47. h3
Rd3 48. Qe8+ Kh7 49. Qe4+ Kh8 50. Be5 Qd2 51. Bxg7+ Kxg7 52. Qe7+ Kg8 53. Qe8+
Kg7 54. Qe7+ Kg8 55. Qe6+ Kg7 56. Qg4+ Kf7 57. Qe6+ Kg7 58. Qd7+ Rxd7 {Normal}
0-1

[Event "Rated Blitz game"]
[Site "?"]
[Date "2021.01.03"]
[Round "?"]
[White "Welcometo"]
[Black "Divanych"]
[Result "0-1"]
[WhiteElo "2236"]
[BlackElo "2405"]
[PlyCount "58"]
[EventDate "2021.??.??"]
[EventType "blitz"]
[TimeControl "180"]

1. e4 e5 2. Nf3 Nf6 3. Nxe5 d6 4. Nxf7 Kxf7 5. d4 c5 6. d5 Nxe4 7. Bd3 Nf6 8.
O-O Be7 9. Nc3 Rf8 10. h3 Kg8 11. g4 Na6 12. g5 Nd7 13. f4 g6 14. a3 Nb6 15. h4
Bf5 16. h5 Qd7 17. hxg6 hxg6 18. Bd2 Bxd3 19. cxd3 Qh3 20. Qf3 Qxf3 21. Rxf3
Rae8 22. Kg2 Nc7 23. Rh1 Nbxd5 24. Rfh3 Nxf4+ 25. Bxf4 Rxf4 26. Rh8+ Kf7 27.
R1h7+ Ke6 28. Rxe8 Nxe8 29. Ne4 d5 {Normal} 0-1

[Event "Rated Blitz game"]
[Site "?"]
[Date "2021.01.03"]
[Round "?"]
[White "TrispiosReturns"]
[Black "Jakob19"]
[Result "0-1"]
[WhiteElo "2438"]
[BlackElo "2452"]
[PlyCount "42"]
[EventDate "2021.??.??"]
[EventType "blitz"]
[TimeControl "180"]

1. e4 e5 2. Nf3 Nf6 3. Nxe5 d6 4. Nxf7 Kxf7 5. d4 c5 6. dxc5 Nc6 7. Bc4+ Be6 8.
Bxe6+ Kxe6 9. Qd3 Kf7 10. Qc4+ d5 11. Qb3 Bxc5 12. Qxb7+ Ne7 13. e5 Ne4 14. O-O
Rf8 15. Nd2 Nxf2 16. Nb3 Qb6 17. Nxc5 Qxc5 18. Rxf2+ Kg8 19. Be3 Qxe3 20. Re1
Qxe1+ 21. Rf1 Qxf1# {Normal} 0-1

[Event "Rated Blitz game"]
[Site "?"]
[Date "2021.01.03"]
[Round "?"]
[White "luffy77"]
[Black "darthpetrov2000"]
[Result "0-1"]
[WhiteElo "2390"]
[BlackElo "2525"]
[PlyCount "94"]
[EventDate "2021.??.??"]
[EventType "blitz"]
[TimeControl "180"]

1. e4 e5 2. Nf3 Nf6 3. Nxe5 d6 4. Nxf7 Kxf7 5. Bc4+ d5 6. exd5 Bd6 7. d4 Re8+
8. Be3 Bg4 9. Be2 Bxe2 10. Qxe2 Kg8 11. Nc3 Bb4 12. O-O Bxc3 13. bxc3 Qxd5 14.
Rab1 b6 15. c4 Qxd4 16. Rfd1 Qg4 17. Qd3 Nc6 18. c5 Rad8 19. Qb3+ Qe6 20. Rxd8
Nxd8 21. Qa4 Nc6 22. cxb6 axb6 23. h3 Nd5 24. Bd2 Rf8 25. Re1 Qd6 26. Qc4 Kh8
27. a3 h6 28. Bc1 Nf6 29. Bb2 Ne7 30. Re6 Qd1+ 31. Kh2 Ned5 32. Bxf6 Nxf6 33.
Qxc7 b5 34. Qe7 Re8 35. Rd6 Rxe7 36. Rxd1 Re2 37. f3 Rxc2 38. Rb1 Rc5 39. Rb4
Nd5 40. Rd4 Nb6 41. Rb4 Nc4 42. a4 bxa4 43. Rxa4 Ne3 44. Ra8+ Kh7 45. Kg3 Nf5+
46. Kf4 g5+ 47. Kg4 Ng7 {Time forfeit} 0-1

[Event "Rated Blitz game"]
[Site "?"]
[Date "2021.01.03"]
[Round "?"]
[White "H-HH"]
[Black "AndreasMoen"]
[Result "0-1"]
[WhiteElo "2419"]
[BlackElo "2330"]
[PlyCount "24"]
[EventDate "2021.??.??"]
[EventType "blitz"]
[TimeControl "180"]

1. e4 e5 2. Nf3 Nf6 3. Nxe5 d6 4. Nxf7 Kxf7 5. d4 Qe8 6. Nc3 c5 7. Bc4+ Be6 8.
d5 Bd7 9. O-O b5 10. Nxb5 Bxb5 11. Bxb5 Qxb5 12. e5 dxe5 {Normal} 0-1

[Event "Rated Blitz game"]
[Site "?"]
[Date "2021.01.02"]
[Round "?"]
[White "SFA_Gang"]
[Black "Mihaiionescu"]
[Result "1-0"]
[WhiteElo "2573"]
[BlackElo "2485"]
[PlyCount "74"]
[EventDate "2021.??.??"]
[EventType "blitz"]
[TimeControl "180"]

1. e4 e5 2. Nf3 Nf6 3. Nxe5 d6 4. Nxf7 Kxf7 5. d4 c5 6. Nc3 cxd4 7. Bc4+ d5 8.
Nxd5 Nxd5 9. Bxd5+ Be6 10. Bxb7 Nd7 11. Bxa8 Qxa8 12. O-O Bc5 13. f3 Rd8 14.
Kh1 Kg8 15. Bf4 Bb6 16. Qd2 Nf6 17. Rad1 Qc6 18. Be5 Qc4 19. b3 Qc5 20. Bxf6
gxf6 21. Qh6 Qg5 22. Qxg5+ fxg5 23. g3 Bh3 24. Rfe1 Kf7 25. g4 h5 26. Rg1 h4
27. Rd3 Ke6 28. f4 gxf4 29. Rxh3 d3 30. Rxd3 Rxd3 31. cxd3 Ke5 32. Rf1 h3 33.
g5 Bc5 34. Rf3 Be7 35. g6 Bf6 36. Rxh3 Kd4 37. Kg2 Kc3 {Normal} 1-0

[Event "Rated Blitz game"]
[Site "?"]
[Date "2021.01.02"]
[Round "?"]
[White "SFA_Gang"]
[Black "ThePatrick27"]
[Result "1-0"]
[WhiteElo "2590"]
[BlackElo "2567"]
[PlyCount "82"]
[EventDate "2021.??.??"]
[EventType "blitz"]
[TimeControl "180"]

1. e4 e5 2. Nf3 Nf6 3. Nxe5 d6 4. Nxf7 Kxf7 5. d4 c5 6. Nc3 cxd4 7. Bc4+ Be6 8.
Bxe6+ Kxe6 9. Qxd4 Nc6 10. Qc4+ Kd7 11. Bf4 Be7 12. O-O-O Qa5 13. Rhe1 Ne5 14.
Qb5+ Qxb5 15. Nxb5 Ng6 16. Bxd6 Bxd6 17. Nxd6 Kc7 18. g3 Ng4 19. f4 Nxh2 20. e5
Ng4 21. Rd3 b6 22. Rc3+ Kd7 23. Rd1 Ke6 24. f5+ Kxe5 25. fxg6 hxg6 26. Nf7+ Ke6
27. Nxh8 Rxh8 28. Rc7 Ra8 29. Re1+ Kf6 30. Rf1+ Kg5 31. Rxg7 Ne3 32. Rff7 Rd8
33. Rd7 Rf8 34. Rgf7 Rh8 35. b3 Rh2 36. Rd2 Rh1+ 37. Kb2 a5 38. Rb7 Nd1+ 39.
Ka3 Nc3 40. Rd3 Nb1+ 41. Kb2 b5 {Normal} 1-0